Statistics for Top 100 Live Albums

Click here to take the quiz!

General Stats

  • This quiz has been taken 18 times
  • The average score is 14 of 100

Answer Stats

ArtistAlbum% Correct
#47: Curtis MayfieldCurtis / Live!
100%
#94: RushDifferent Stages / Live
100%
#30: Magma | #48: Donny HathawayLive
100%
#41: Bob Marley and The WailersLive!
100%
#23: Bruce Springsteen & The E Street BandLive / 1975 - 85
100%
#6: The WhoLive at Leeds
73%
#33: Alice in ChainsMTV Unplugged
64%
#3: Johnny CashAt Folsom Prison
55%
#7: Deep PurpleMade in Japan
55%
#10: Talking HeadsStop Making Sense
45%
#14: The Allman Brothers BandAt Fillmore East
36%
#24: MotörheadNo Sleep Till' Hammersmith
36%
#64: The BandThe Last Waltz
36%
#90: RushExit... Stage Left
27%
#70: The Rolling Stones'Get Yer Ya-Ya's Out!': The Rolling Stones in Concert
27%
#17: Thin LizzyLive and Dangerous
27%
#11: Neil Young & Crazy HorseLive Rust
27%
#13: Judas PriestUnleashed in the East: Live in Japan
27%
#45: Neil Young & Crazy HorseWeld
27%
#19: Johnny CashAt San Quentin
18%
#29: Jimi HendrixBand of Gypsys
18%
#25: RamonesIt's Alive
18%
#9: Iron MaidenLive After Death
18%
#2: NirvanaMTV Unplugged in New York
18%
#4: Neil Young & Crazy HorseRust Never Sleeps
18%
#44: HawkwindSpace Ritual
18%
#82: YesYessongs
18%
#1: Fishmans98.12.28 Otokotachi no Wakare
9%
#93: Kate BushBefore the Dawn
9%
#22: John ColtraneColtrane "Live" at the Village Vanguard
9%
#65: Grateful DeadEurope '72
9%
#18: Rory GallagherIrish Tour '74
9%
#32: John ColtraneLive at Birdland
9%
#57: Bill Withers | #86: RenaissanceLive at Carnegie Hall
9%
#34: Miles DavisLive-Evil
9%
#84: King CrimsonLive in Chicago
9%
#83: Iron MaidenRock in Rio
9%
#38: Bill Evans TrioSunday at the Village Vanguard
9%
#8: SwansSwans Are Dead
9%
#5: Talking HeadsThe Name of This Band Is Talking Heads
9%
#92: Ichiko Aoba0%
0%
#80: Depeche Mode101
0%
#71: The Velvet Underground1969 Velvet Underground Live With Lou Reed
0%
#40: Miles DavisAgharta
0%
#16: Daft PunkAlive 2007
0%
#59: Iced EarthAlive in Athens
0%
#89: CamelA Live Record
0%
#69: Coil...And the Ambulance Died in His Arms
0%
#67: ExodusAnother Lesson in Violence
0%
#56: Keith Jarrett, Gary Peacock & Jack DeJohnetteAt the Blue Note: The Complete Recordings
0%
#31: Electric MasadaAt the Mountains of Madness
0%
#35: Sufjan StevensCarrie & Lowell Live
0%
#54: Orchestra and Chorus of the 1951 Bayreuth Festival / Wilhelm Furtwängler / Elisabeth Schwarzkopf / Elisabeth Höngen / Hans Hopf / Otto Edelmann"Choral" Symphony
0%
#46: Between the Buried and MeColors_Live
0%
#91: Porcupine TreeComa Divine: Recorded Live in Rome
0%
#75: John ColtraneConcert in Japan
0%
#21: Miles DavisDark Magus
0%
#53: SlayerDecade of Aggression: Live
0%
#96: Deep PurpleDeep Purple in Concert
0%
#95: Ella FitzgeraldElla in Berlin: Mack the Knife
0%
#87: Duke EllingtonEllington at Newport
0%
#100: Wes MontgomeryFull House
0%
#49: Otis Redding / The Jimi Hendrix ExperienceHistoric Performances Recorded at the Monterey International Pop Festival
0%
#98: Van MorrisonIt's Too Late to Stop Now
0%
#77: George CarlinJammin' in New York
0%
#43: WilcoKicking Television: Live in Chicago
0%
#62: WeenLive at Stubb's, 7/2000
0%
#12: Townes Van ZandtLive at The Old Quarter, Houston, Texas
0%
#52: Jerry Lee LewisLive at the Star-Club, Hamburg
0%
#58: MetallicaLive Shit: Binge & Purge
0%
#99: SantanaLotus
0%
#61: King CrimsonMeltdown: Live in Mexico
0%
#73: KraftwerkMinimum-Maximum
0%
#78: Mitch HedburgMitch All Together
0%
#88: Muddy WatersMuddy "Mississippi" Waters Live
0%
#79: Lynyrd SkynyrdOne More From the Road
0%
#85: King CrimsonRadical Action (To Unseat the Hold of Monkey Mind)
0%
#36: MagmaRétrospective Vol. 1 & 2
0%
#97: Charles MingusRight Now: Live at the Jazz Workshop
0%
#15: PorisheadRoseland NYC Live
0%
#39: Zappa / MothersRoxy & Elsewhere
0%
#63: SpiritualizedRoyal Albert Hall October 10, 1997 Live
0%
#42: Vladimir SofronitskyScriabin Recital
0%
#74: The KnifeSilent Shout: An Audio Visual Experience
0%
#28: UFOStrangers in the Night
0%
#81: Mitch HedburgStrategic Grill Locations
0%
#27: Keith JarrettSun Bear Concerts Piano Solo: Recorded in Japan
0%
#72: Berliner Philharmoniker / Herbert von KarajanSymphonie No. 9
0%
#68: Jeff RosenstockThanks, Sorry!
0%
#76: TindersticksThe Bloomsbury Theatre 12.3.95
0%
#60: Charles MingusThe Great Concert of Charles Mingus
0%
#20: Keith JarrettThe Köln Concert
0%
#37: Alban Berg QuartettThe Late String Quartets Opp. 127, 130, 131, 132, 133 & 135
0%
#50: LCD SoundsystemThe Long Goodbye: LCD Soundsystem Live at Madison Square Garden
0%
#55: MagmaTheusz Hamtaahk Trilogie
0%
#66: Ozzy Osbourne / Randy RhoadsTribute
0%
#51: Chor und Orchester der Bayreuther Festspiele / Karl Böhm / Birgit Nilsson / Wolfgang Windgassen / Christa Ludwig / Martti Talvela / Eberhard WaechterTristan und Isolde (Bayreuth 1966)
0%
#26: Bill Evans TrioWaltz for Debby
0%

Score Distribution

Percentile by Number Answered

Percent of People with Each Score

Your Score History

You have not taken this quiz